[Event "ch-PER"]
[Site "Lima PER"]
[Date "2004.03.06"]
[Round "2.2"]
[White "Alarcon,Ru"]
[Black "Cruz,F"]
[Result "1/2-1/2"]
[WhiteElo "2240"]
[BlackElo "2327"]

1.e4 c5 2.Nf3 e6 3.d4 cxd4 4.Nxd4 a6 5.Bd3 Qc7 6.O-O Nf6 7.Kh1 Be7 8.Be3 d6
9.Nb3 Nc6 10.f4 O-O 11.c3 Re8 12.N1d2 Bf8 13.Nc4 Nd7 14.Bg1 b5 15.Ne3 g6
16.Qc2 Rb8 17.Rac1 Bb7 18.Qf2 Bg7 19.Qh4 Na5 20.f5 Nxb3 21.axb3 Qd8 22.Qf4 Be5
23.Qg4 Nf6 24.Qe2 Bxe4 25.Bxe4 Nxe4 26.fxg6 hxg6 27.Ng4 f5 28.Nxe5 dxe5 29.Be3 Rb7
30.Ra1 Rh7 31.Rf3 g5 32.Bg1 g4 33.Re3 Qd5 34.Rxa6 Rd8 35.c4 Qd1 36.Rxe4 fxe4
37.Qxe4 g3 38.Qg6+ Rg7 39.Qxe6+ Rf7 40.Qg6+ Rg7 41.Qe6+ Rf7  1/2-1/2

[Event "ch-PER"]
[Site "Lima PER"]
[Date "2004.03.06"]
[Round "2.2"]
[White "Santivanez Montes,M"]
[Black "Esplana,C"]
[Result "1/2-1/2"]
[WhiteElo "2235"]
[BlackElo "2320"]

1.e4 c5 2.Nf3 e6 3.d4 cxd4 4.Nxd4 a6 5.Bd3 Nf6 6.Nc3 Qc7 7.O-O Nc6 8.Nb3 b5
9.a3 Be7 10.f4 d6 11.Be3 Bb7 12.Qf3 O-O 13.g4 Rfe8 14.g5 Nd7 15.Qh3 g6 16.f5 Bf8
17.Rf4 Nce5 18.Raf1 Nc5 19.Rh4 h5 20.Nxc5 dxc5 21.f6 c4 22.Be2 Bc5 23.Bxh5 Bxe3+
24.Qxe3 gxh5 25.Rxh5 Ng6 26.Rh6 Red8 27.Rf2 Qe5 28.h4 Rac8 29.Qf3 Rd4 30.Qh5 Bxe4
31.Rh8+ Nxh8 32.Qh6 Qg3+ 33.Kf1 Qh3+ 34.Ke2 Bd3+ 35.Ke1 Qh1+ 36.Kd2 Bg6+
37.Ke3 Re4+ 38.Nxe4 Qxe4+ 39.Kd2 Rd8+ 40.Kc3 Qe5+ 41.Kb4 Qd6+ 42.Ka5 Qc7+
43.Kb4 Qd6+ 44.Ka5  1/2-1/2

[Event "FSGM March"]
[Site "Budapest HUN"]
[Date "2004.03.09"]
[Round "4"]
[White "Mahesh Chandran,P"]
[Black "Drabke,L"]
[Result "1-0"]
[WhiteElo "2437"]
[BlackElo "2439"]

1.e4 c5 2.Nf3 e6 3.d4 cxd4 4.Nxd4 a6 5.Bd3 Bc5 6.Nb3 Ba7 7.O-O Nc6 8.Kh1 e5
9.Nc3 Nge7 10.f4 exf4 11.Bxf4 O-O 12.e5 Bb8 13.Qh5 Ng6 14.Rae1 d6 15.Bg5 Qe8
16.exd6 Qd7 17.Be7 Bxd6 18.Bxf8 Bxf8 19.Bc4 Nd8 20.Rd1 Qc7 21.Bd5 Bb4 22.Rf3 Ne6
23.Rdf1 Ne5 24.Re3 Ng6 25.Rh3 h6 26.Rhf3 Ne5 27.Re3 Ng5 28.Ne4 Bg4 29.Qh4 Rd8
30.c4 Nxc4 31.Rd3 Ne5 32.Nxg5 hxg5 33.Qxg5 Be2 34.Bxf7+ Nxf7 35.Rxf7 Qxf7
36.Rxd8+ Kh7 37.Qh4+ Bh5 38.Rd1 Be7 39.Qe4+ Kg8 40.Re1 Bf6 41.Nc5 Qxa2 42.Qxb7 a5
43.Ne4 Bxb2 44.Ng5 Ba3 45.Qc8+ Bf8 46.Rf1 Qa3 47.Qf5  1-0

[Event "TCh-FIN 2003-4"]
[Site "Finland FIN"]
[Date "2004.03.14"]
[Round "9"]
[White "Hartikainen,M"]
[Black "Kauko,J"]
[Result "1/2-1/2"]
[WhiteElo "2300"]
[BlackElo "2254"]

1.e4 c5 2.Nf3 e6 3.d4 cxd4 4.Nxd4 a6 5.Bd3 Bc5 6.Nb3 Ba7 7.O-O Nc6 8.Qe2 Qc7
9.Be3 Bxe3 10.Qxe3 Nf6 11.h3 O-O 12.f4 d6 13.c4 b6 14.Nc3 Bb7 15.Rac1 Rfe8
16.Rfd1 Rad8 17.Qf2 Nb8 18.Bb1 Nbd7 19.Nd4 Qb8 20.Nf3 Nc5 21.Re1 d5 22.e5 Nfe4
23.Qh4 h6 24.f5 exf5 25.cxd5 Bxd5 26.Nxd5 Rxd5 27.Qf4 Ng5 28.Nxg5 hxg5 29.Qxf5 g6
30.Qxg5 Rdxe5 31.Rxe5 Qxe5 32.Qxe5 Rxe5 33.Kf2 a5 34.Rc4 Kf8 35.b4 axb4 36.Rxb4 Re6
37.Kf3 Ke7 38.h4 f5 39.Kf4 Kf6 40.g3 Rd6 41.Kf3 Ke5 42.Ke3 Nd7 43.Rb5+ Kf6
44.h5 Re6+ 45.Kf2 Re5 46.Rxe5 Nxe5 47.hxg6 Nxg6 48.Kf3 Ke5 49.Bc2 Ne7 50.Bb3 Nc6
51.Ke3 Nb4 52.Bg8  1/2-1/2

[Event "TCh-AUT 2003-4"]
[Site "Jenbach AUT"]
[Date "2004.03.18"]
[Round "8"]
[White "Paehtz,T sr"]
[Black "Fogarasi,T"]
[Result "1/2-1/2"]
[WhiteElo "2424"]
[BlackElo "2477"]

1.e4 c5 2.Nf3 e6 3.d4 cxd4 4.Nxd4 a6 5.Bd3 g6 6.c4 Bg7 7.Nf3 Nc6 8.O-O Nge7
9.Nc3 O-O 10.Be2 f5 11.Qd3 fxe4 12.Qxe4 Nf5 13.Bg5 Qb6 14.Rab1 d6 15.Na4 Qa5
16.Bd1 Bd7 17.Bd2 Qc7 18.Bc3 b5 19.Bxg7  1/2-1/2

[Event "TCh-AUT 2003-4"]
[Site "Jenbach AUT"]
[Date "2004.03.20"]
[Round "10"]
[White "Fogarasi,T"]
[Black "Stanec,N"]
[Result "1/2-1/2"]
[WhiteElo "2477"]
[BlackElo "2539"]

1.e4 c5 2.Nf3 e6 3.d4 cxd4 4.Nxd4 a6 5.Bd3 Nf6 6.O-O d6 7.c4 Be7 8.Nc3 O-O
9.Be3 b6 10.f3 Bb7 11.Qd2 Nbd7 12.Rfd1 Kh8 13.Rac1 Rg8 14.b3 Ne5 15.Bb1 Nfd7
16.Nde2 Rc8 17.Kh1 Qc7 18.Bg5 Nf6 19.Be3 Nfd7 20.Bg5 Nf6 21.Be3 Nfd7 22.Bg5  1/2-1/2

[Event "14th Asian Cities"]
[Site "Tagaytay City PHI"]
[Date "2004.03.22"]
[Round "2"]
[White "Liang Jinrong"]
[Black "Ghorbani,M"]
[Result "1-0"]
[WhiteElo "2489"]
[BlackElo "2322"]

1.e4 c5 2.Nf3 e6 3.d4 cxd4 4.Nxd4 a6 5.Bd3 Nf6 6.O-O Qc7 7.Qe2 d6 8.c4 Be7
9.Nc3 Nbd7 10.Be3 Ne5 11.Rac1 Nxd3 12.Qxd3 Nd7 13.Nf3 b6 14.Qe2 Bb7 15.Bg5 Nf6
16.Rfd1 O-O 17.b3 Rfd8 18.h3 h6 19.Bf4 Rac8 20.Bg3 Qc5 21.Bf4 Qh5 22.a4 Qg6
23.Re1 Bf8 24.Qe3 Ba8 25.Bg3 d5 26.Ne5 Qh5 27.exd5 Bc5 28.Qf4 exd5 29.Ng4 Rd6
30.Qf3 Nxg4 31.hxg4 Qg6 32.Bxd6 dxc4 33.Ne4 Bxd6 34.Rxc4 Rf8 35.Qf5 Qxf5
36.gxf5 Ba3 37.Rd1 b5 38.axb5 axb5 39.Rcd4 Bb2 40.R4d2 Be5 41.Nc5 Bc7 42.Na6  1-0

[Event "14th Asian Cities"]
[Site "Tagaytay City PHI"]
[Date "2004.03.23"]
[Round "4"]
[White "Kotsur,P"]
[Black "Mahjoob,M"]
[Result "1-0"]
[WhiteElo "2569"]
[BlackElo "2457"]

1.e4 c5 2.Nf3 e6 3.d4 cxd4 4.Nxd4 a6 5.Bd3 Qb6 6.c3 d6 7.O-O Nf6 8.Be3 Qc7
9.c4 g6 10.Nc3 Bg7 11.Rc1 O-O 12.f3 b6 13.Qd2 Nbd7 14.Rfd1 Bb7 15.Bf1 Rfe8
16.b4 Rac8 17.Nb3 Bf8 18.Qf2 Qb8 19.Na4 d5 20.exd5 exd5 21.Nxb6 Nxb6 22.Bxb6 dxc4
23.Rxc4 Rxc4 24.Bxc4 Bd6 25.Qh4 Bd5 26.Bc5 Bxc5+ 27.bxc5 Qb4 28.Qxf6 Re1+
29.Rxe1 Qxe1+ 30.Bf1  1-0

[Event "IV Open"]
[Site "Dos Hermanas ESP"]
[Date "2004.03.26"]
[Round "2"]
[White "Perez Garcia,R"]
[Black "Paunovic,D"]
[Result "0-1"]
[WhiteElo "2145"]
[BlackElo "2517"]

1.e4 c5 2.Nf3 e6 3.d4 cxd4 4.Nxd4 a6 5.Bd3 Nf6 6.O-O d6 7.Qe2 Be7 8.c4 O-O
9.b3 Nc6 10.Nf3 Nb4 11.Bb2 Nxd3 12.Qxd3 b5 13.Nc3 Bb7 14.Rfe1 b4 15.Nd1 Re8
16.Nd2 d5 17.Qg3 dxe4 18.Nxe4 Bxe4 19.Rxe4 Qd2 20.Kf1 Rad8 21.Re2 Qh6 22.Be5 Nh5
23.Qf3 Bf6 24.Bxf6 Nxf6 25.Kg1 Qg6 26.Rc1 h6 27.h3 Rd3 28.Re3 Rd2 29.Re2 Rd3
30.Re3 Rd4 31.Re2 Red8 32.Ne3 Ne4 33.Ng4 Nc3 34.Rxc3 bxc3 35.Qxc3 Qb1+ 36.Kh2 Rd1
37.Qc2 Qxc2 38.Rxc2 R1d2 39.Rc3 Rxa2 40.c5 Rc8 41.Kg3 Ra5 42.b4 Rb5 43.Rc4 a5
44.bxa5 Rcxc5  0-1

[Event "IV Open"]
[Site "Dos Hermanas ESP"]
[Date "2004.03.27"]
[Round "3"]
[White "Barrientos,S"]
[Black "Strikovic,A"]
[Result "1-0"]
[WhiteElo "2425"]
[BlackElo "2524"]

1.e4 c5 2.Nf3 e6 3.d4 cxd4 4.Nxd4 a6 5.Bd3 Nf6 6.O-O d6 7.Qe2 b6 8.f4 Bb7
9.Nf3 Nbd7 10.Nc3 Qc7 11.e5 dxe5 12.fxe5 Ng4 13.Bf4 f5 14.h3 Bc5+ 15.Kh1 h5
16.Ng5 Qc6 17.Nce4 Ngxe5 18.Nxc5 bxc5 19.Bxe5 Nxe5 20.Nxe6 Qxe6 21.Rxf5 O-O-O
22.Qxe5 Qd7 23.Be4 Rhe8 24.Qxc5+ Kb8 25.Bxb7 Qxb7 26.Rf3 Ka8 27.Rb3 Qd5 28.Qxd5+ Rxd5
29.Rf1 Rd2 30.Rf7 h4 31.Kh2 Re1 32.Rd3 Ree2 33.Rxd2 Rxd2 34.Rxg7 Rxc2 35.Rg4 Rxb2
36.a4 a5 37.Rxh4 Rb4 38.Kg3 Kb7 39.Rf4  1-0

[Event "IV Open"]
[Site "Dos Hermanas ESP"]
[Date "2004.03.29"]
[Round "5"]
[White "Madina,M"]
[Black "Paunovic,D"]
[Result "0-1"]
[WhiteElo "2262"]
[BlackElo "2517"]

1.e4 c5 2.Nf3 e6 3.d4 cxd4 4.Nxd4 a6 5.Bd3 Nf6 6.O-O d6 7.c4 b6 8.Nc3 Bb7
9.Qe2 g6 10.Bg5 Bg7 11.f4 O-O 12.Kh1 Qc7 13.f5 Nc6 14.Nxc6 Bxc6 15.Rac1 Qb7
16.e5 dxe5 17.Bxf6 Bxf6 18.Ne4 Bg7 19.f6 Bh6 20.Qg4 Rfd8 21.Qh4 Bf8 22.Bb1 Rd4
23.Rce1 Rad8 24.b3 h5 25.h3 Bb4 26.Kh2 Bf8 27.Bc2 b5 28.Rf3 Bh6 29.c5 Qc7
30.g4 Rd2+ 31.Rf2 Bxe4 32.Bxe4 Qxc5 33.Rg2 Bf4+ 34.Kh1 Qc3 35.Rf1 Rd1 36.Rgg1 R8d2
37.Bg2 g5  0-1

[Event "Open ch-NOR"]
[Site "Oslo NOR"]
[Date "2004.04.03"]
[Round "1"]
[White "Sousa,H"]
[Black "Miezis,N"]
[Result "0-1"]
[WhiteElo "2096"]
[BlackElo "2530"]

1.e4 c5 2.Nf3 e6 3.d4 cxd4 4.Nxd4 a6 5.Bd3 Nf6 6.O-O Qc7 7.Qe2 d6 8.c4 Nbd7
9.Nd2 Ne5 10.Bc2 Bd7 11.b3 g5 12.Bb2 g4 13.f4 gxf3 14.N4xf3 Be7 15.Nxe5 dxe5
16.Nf3 Ng4 17.h3 Bc5+ 18.Kh1 h5 19.g3 Bc6 20.hxg4 hxg4+ 21.Nh4 f5 22.Kg2 O-O-O
23.Rad1 Rdf8 24.b4 Bxb4 25.c5 Bxc5 26.Qc4 Kb8 27.Qxe6 Bd4 28.Rxd4 exd4 29.Bxd4 Re8
30.Qxf5 Rhg8 31.Rf4 b6 32.Bb3 Rxe4 33.Rxe4 Re8 34.Bd5 Bxd5 35.Qxd5 Qc2+ 36.Kg1 Qxe4
37.Qd6+ Kc8 38.Bxb6 Qb1+ 39.Kh2 Qxa2+ 40.Ng2 Rh8+ 41.Kg1 Qb1+ 42.Kf2 Qc2+
43.Kg1 Qc1+ 44.Kf2 Rh1 45.Qc5+ Kb7 46.Qxc1 Rxc1 47.Bd8 Rc2+ 48.Kf1 Rc3 49.Kf2 Rc2+
50.Kf1 Rc8 51.Ba5 Rc5 52.Bb4 Rb5 53.Bc3 Rb3 54.Be1 Kc6 55.Ke2 Rb2+ 56.Bd2 a5
57.Kd3 a4 58.Ne3 a3 59.Bc3 Rb1 60.Nc2 a2 61.Kc4 Kd6 62.Kd4 Ke6 63.Kc4 Kf5
64.Kd3 Rg1 65.Ne3+ Kg5 66.Bd2 Rxg3 67.Ke2 Kh5 68.Bc3 Rg1 69.Nc2 g3 70.Bd4 Rc1
71.Kd2 Rb1  0-1

[Event "10th WDB Easter Open"]
[Site "Essen GER"]
[Date "2004.04.09"]
[Round "4"]
[White "Kummerow,H"]
[Black "Shaposhnikov,E"]
[Result "0-1"]
[WhiteElo "2271"]
[BlackElo "2573"]

1.e4 c5 2.Nf3 e6 3.d4 cxd4 4.Nxd4 a6 5.Bd3 Nf6 6.O-O d6 7.f4 Be7 8.Kh1 O-O
9.c4 b6 10.Nc3 Bb7 11.Be3 Nbd7 12.Nb3 Re8 13.Qe2 Bf8 14.Rac1 Rc8 15.Bg1 g6
16.e5 Nh5 17.Be4 Bxe4 18.Nxe4 d5 19.cxd5 Rxc1 20.Nxc1 exd5 21.Nc3 Nc5 22.Nd3 Bh6
23.f5 Nxd3 24.Qxd3 Rxe5 25.Bd4 Nf4 26.Qxa6 Rxf5 27.g3 Ne6 28.Rxf5 gxf5 29.Qxb6 Qa8
30.a4 f4 31.Kg2 Bg7 32.Qa7 f3+ 33.Kf1 Qc6 34.Qb8+ Bf8 35.Qb5 Nxd4 36.Qxd5 Qa6+
37.Kf2 Qb6 38.Kf1 h6 39.a5 Qa6+ 40.Kf2 Qd3  0-1

[Event "10th WDB Easter Open"]
[Site "Essen GER"]
[Date "2004.04.10"]
[Round "6"]
[White "Claassen,J"]
[Black "Matzat,A"]
[Result "1-0"]
[WhiteElo "2205"]
[BlackElo "2145"]

1.e4 c5 2.Nf3 e6 3.d4 cxd4 4.Nxd4 a6 5.Bd3 Bc5 6.Nb3 Be7 7.O-O d6 8.Nc3 Nf6
9.f4 Qc7 10.Kh1 b5 11.a4 b4 12.Na2 a5 13.c3 Qb7 14.Qe2 Nc6 15.Bb5 O-O 16.Bd2 e5
17.cxb4 Bg4 18.Qd3 Nxb4 19.Nxb4 axb4 20.Bxb4 Rfd8 21.Rac1 d5 22.Na5 Qa7 23.Nc6 dxe4
24.Qg3 exf4 25.Qxf4 Bxb4 26.Nxa7 Rxa7 27.Qg3 Bd6 28.Qe3 Re7 29.h3 Bh5 30.Bc6 Bg6
31.a5 Nh5 32.Rfd1 f5 33.Rxd6 Rxd6 34.Qb3+ Rde6 35.Bd5 Kf7 36.Rc6 Nf4 37.Bxe6+ Nxe6
38.a6 f4 39.a7 e3 40.a8=Q  1-0

[Event "Pobeskydi Technomont Cup"]
[Site "Frydek Mistek CZE"]
[Date "2004.04.10"]
[Round "5"]
[White "Luch,M"]
[Black "Vyskocil,N"]
[Result "1/2-1/2"]
[WhiteElo "2333"]
[BlackElo "2339"]

1.e4 c5 2.Nf3 e6 3.d4 cxd4 4.Nxd4 a6 5.Bd3 Nf6 6.O-O d6 7.c4 g6 8.Qe2 Bg7
9.Rd1 O-O 10.Nc3 b6 11.Nf3 Qe7 12.Be3 Nbd7 13.Rac1 Bb7 14.Bb1 Ng4 15.Bg5 f6
16.Bh4 Rfd8 17.Nd4 Nge5 18.f4 g5 19.fxe5 gxh4 20.exd6 Qxd6 21.Qg4 Nf8 22.Kh1 Qe7
23.Qxh4 Rd7 24.Nde2 Rad8 25.Rxd7 Qxd7 26.Qf2 Qc6 27.b3 Ng6 28.Rd1 Rxd1+ 29.Nxd1 b5
30.Nd4 Qd7 31.Bc2 bxc4 32.bxc4 Ne5 33.c5 Ng4 34.Qg3 Qxd4 35.Qxg4 f5 36.Qh5 Bxe4
37.Qe8+ Bf8 38.Qxe6+ Kg7 39.Bb3 Bxc5 40.Qf7+ Kh6 41.Qe6+ Kg7 42.Qg8+ Kh6
43.Qe6+ Kg7 44.Qg8+ Kh6 45.Qe6+ Kg7  1/2-1/2

[Event "42nd Doeberl Cup"]
[Site "Canberra AUS"]
[Date "2004.04.11"]
[Round "5"]
[White "Blazkova,P"]
[Black "Jovanovic,Pete"]
[Result "1/2-1/2"]
[WhiteElo "2226"]
[BlackElo "2091"]

1.e4 c5 2.Nf3 e6 3.d4 cxd4 4.Nxd4 a6 5.Bd3 Qc7 6.O-O Bc5 7.Nb3 Be7 8.f4 d6
9.Qe2 Nd7 10.a4 b6 11.Nc3 Ngf6 12.g4 Nc5 13.Nxc5 Qxc5+ 14.Be3 Qc7 15.g5 Nd7
16.f5 Ne5 17.fxe6 fxe6 18.a5 bxa5 19.Na4 Bb7 20.Ra3 Bc6 21.Bxa6 Bxe4 22.Rc3 Bc6
23.Bd4 Rf8 24.Nb6 Rb8 25.Nc4 Rxf1+ 26.Kxf1 Qd7 27.Bxe5 dxe5 28.Nxe5 Bb5 29.Bxb5 Qxb5
30.Rc8+ Bd8 31.Rxb8 Qxb8 32.Qe4 Qb5+ 33.c4 Qa4 34.Qf3 Qa1+ 35.Kf2 Qxb2+ 36.Qe2 Qxe2+
37.Kxe2 Bxg5 38.Nd3 a4 39.Kd1 a3 40.Kc2 Bf6 41.Kb3 Bb2 42.Nxb2 axb2 43.Kxb2 Kd7
44.Kc3 Kd6  1/2-1/2

[Event "8th Neckar Open"]
[Site "Deizisau GER"]
[Date "2004.04.11"]
[Round "7"]
[White "Kasparov,S"]
[Black "Landa,K"]
[Result "1/2-1/2"]
[WhiteElo "2486"]
[BlackElo "2563"]

1.e4 c5 2.Nf3 e6 3.d4 cxd4 4.Nxd4 a6 5.Bd3 Bc5 6.Nb3 Ba7 7.c4 Nc6 8.Nc3 d6
9.Qe2 e5 10.Be3 Nge7 11.Bxa7 Rxa7 12.Qe3 Be6 13.O-O O-O 14.Nd5 a5 15.Rac1 a4
16.Nxe7+ Qxe7 17.Na1 Qc7 18.Nc2 Qa5 19.Rfd1 Qc5 20.Qd2 Ra6 21.b4 axb3 22.axb3 Ra2
23.Qc3 h6 24.Ra1 Rfa8 25.Rxa2 Rxa2 26.b4 Qa7 27.Bf1 Qa4 28.Rd2 Ne7 29.h3 Nc8
30.c5 dxc5 31.Qxc5 Kh7 32.Re2 Qb3 33.Ne3 Rxe2 34.Bxe2 Qb1+ 35.Bd1 f6 36.Kh2 Qd3
37.Bg4 Bxg4 38.hxg4 Nd6 39.Qc7 Qd2 40.f3 Nb5 41.Qxb7 Nd4 42.Nf5 Nxf3+ 43.Kh3 Ng5+
44.Kh2 Qf4+ 45.Kg1 Qc1+ 46.Kh2 Qf4+ 47.Kg1 Qc1+ 48.Kh2 Qc3  1/2-1/2

[Event "Pobeskydi Technomont Cup"]
[Site "Frydek Mistek CZE"]
[Date "2004.04.11"]
[Round "8"]
[White "Schwarz,D"]
[Black "Vyskocil,N"]
[Result "1-0"]
[WhiteElo "2265"]
[BlackElo "2339"]

1.e4 c5 2.Nf3 e6 3.d4 cxd4 4.Nxd4 a6 5.Bd3 Nc6 6.Nxc6 dxc6 7.O-O e5 8.Nd2 Nf6
9.Nc4 Qc7 10.Bd2 Bg4 11.Be2 Bxe2 12.Qxe2 Bc5 13.Bc3 Nd7 14.Qh5 Bd4 15.Bxd4 exd4
16.e5 O-O 17.f4 Rae8 18.Rae1 b5 19.Nd6 Re6 20.Nf5 g6 21.Qg4 c5 22.Rf3 Kh8
23.Nd6 Kg7 24.Rh3 Rh8 25.Qg3 Kf8 26.Qg5 Nf6 27.Qh6+ Ke7 28.Qg7  1-0

[Event "50th Mexican Open Ch"]
[Site "Leon MEX"]
[Date "2004.04.11"]
[Round "9"]
[White "Norgaard,J"]
[Black "Gonzalez,JC"]
[Result "1/2-1/2"]
[WhiteElo "2406"]
[BlackElo "2517"]

1.e4 c5 2.Nf3 e6 3.d4 cxd4 4.Nxd4 a6 5.Bd3 Bc5 6.Nb3 Ba7 7.Qe2 Nc6 8.Be3 d6
9.Nc3 Nge7 10.O-O-O Bxe3+ 11.Qxe3 O-O 12.Rd2 Qc7 13.Rhd1 b5 14.f4 b4 15.Na4 Rb8
16.Bc4 Rd8 17.e5 d5 18.Bd3 Na5 19.Qc5 Nxb3+ 20.axb3 Qxc5 21.Nxc5 a5 22.Re2 Rb6
23.Na4 Rc6 24.Bb5 Rc7 25.Nb6 Bb7 26.Bd3 Rb8 27.Bb5 Rd8 28.Na4  1/2-1/2

[Event "Open ch-NOR"]
[Site "Oslo NOR"]
[Date "2004.04.11"]
[Round "9"]
[White "Lie,K"]
[Black "Miezis,N"]
[Result "1/2-1/2"]
[WhiteElo "2430"]
[BlackElo "2530"]

1.e4 c5 2.Nf3 e6 3.d4 cxd4 4.Nxd4 a6 5.Bd3 Nc6 6.Nxc6 dxc6 7.Nd2 e5 8.Qh5 Bd6
9.Nc4 Nf6 10.Nxd6+ Qxd6 11.Qe2 Nd7 12.Be3 Nc5 13.O-O-O Qe7 14.Qh5 O-O 15.f4 Nxd3+
16.Rxd3 f5 17.fxe5 fxe4 18.Rd6 Rf5 19.Qd1 Be6 20.Qd4 Bd5 21.c4 Rxe5 22.Bf4 Qxd6
23.Bxe5 Qh6+ 24.Kc2 Bf7 25.Rf1 Qg6 26.Kc3 b5 27.Rf4 Re8 28.Rxe4 c5 29.Qe3 bxc4
30.Qg3 Rd8 31.Qxg6 Rd3+ 32.Kc2 Bxg6 33.Re2 Rd5+ 34.Kc3 Rd1 35.Bg3 h5 36.Bf2 Rh1
37.h3 Bd3 38.Re1 Bf1 39.h4 Bxg2 40.Rxh1 Bxh1 41.Kxc4 Be4 42.Kxc5 Kf7 43.b4 Ke6
44.a4 Kd7 45.Bg3 Bc6 46.b5  1/2-1/2

[Event "ACP Blitz Prelim2"]
[Site "playchess.com INT"]
[Date "2004.04.13"]
[Round "6"]
[White "Naiditsch,A"]
[Black "Ghaem Maghami,E"]
[Result "1-0"]
[WhiteElo "2571"]
[BlackElo "2558"]

1.e4 c5 2.Nf3 e6 3.d4 cxd4 4.Nxd4 a6 5.Bd3 Nf6 6.O-O d6 7.Kh1 Be7 8.f4 Qc7
9.c4 Nc6 10.Nxc6 bxc6 11.Nc3 O-O 12.Qe2 Nd7 13.Bd2 e5 14.f5 Nf6 15.Rac1 Rb8
16.b3 Bb7 17.Rf3 Rfd8 18.Rh3 Re8 19.Na4 Qd8 20.Qe1 Qd7 21.Nb6 Qc7 22.Ba5 Bd8
23.c5 dxc5 24.Nc4 Qe7 25.Bc3 Bc7 26.Qg3 Rbd8 27.Rh4 a5 28.Bd2 a4 29.Bh6 Qf8
30.Bg5 Qe7 31.bxa4 Ba6 32.Bf1 Rd4 33.a5 Bxc4 34.Bxc4 Bxa5 35.Qb3 Bd2 36.Bxd2 Rxd2
37.a4 Red8 38.a5 h5 39.Rf1 R8d4 40.a6 Rd8 41.g4 hxg4 42.Bxf7+ Qxf7 43.Rh8+ Kxh8
44.Qxf7 Nxe4 45.Qh5+ Kg8 46.f6 Nxf6 47.Qxe5 R2d5 48.Qe6+ Kh7 49.a7 Rh5 50.Rxf6  1-0

[Event "ACP Blitz Prelim3"]
[Site "playchess.com INT"]
[Date "2004.04.14"]
[Round "15"]
[White "Belov,Vl"]
[Black "Sharevich,A"]
[Result "1-0"]
[WhiteElo "2543"]
[BlackElo "2240"]

1.e4 c5 2.Nf3 e6 3.d4 cxd4 4.Nxd4 a6 5.Bd3 Qb6 6.Nf3 Qc7 7.O-O d6 8.c4 Nf6
9.Nc3 Be7 10.b3 b6 11.Bb2 Bb7 12.Qe2 Nbd7 13.Rfe1 O-O 14.Rad1 Rfe8 15.Nd4 Rac8
16.Bb1 Qb8 17.f4 g6 18.Qd2 Bf8 19.a4 Qa8 20.Nf3 Be7 21.Bc2 Rcd8 22.Qe2 Nh5
23.Qd2 Nhf6 24.Ng5 h6 25.Nf3 Bf8 26.Kh1 Nh5 27.Rf1 Kh7 28.f5 exf5 29.exf5 Ne5
30.Nd5 Bxd5 31.cxd5 Bg7 32.fxg6+ fxg6 33.Nh4 Bf6 34.Nxg6 Kg7 35.Nxe5 dxe5
36.Qd3 e4 37.Bxf6+ Nxf6 38.Qg3+ Kf7 39.b4 Qb8 40.d6 Re6 41.Bb3 Re8 42.d7 Qxg3
43.hxg3 Rd8 44.Rd6  1-0

[Event "FSGM April"]
[Site "Budapest HUN"]
[Date "2004.04.15"]
[Round "13"]
[White "Groetz,H"]
[Black "Breder,D"]
[Result "1-0"]
[WhiteElo "2359"]
[BlackElo "2473"]

1.e4 c5 2.Nf3 e6 3.d4 cxd4 4.Nxd4 a6 5.Bd3 Nf6 6.O-O Qc7 7.Qe2 d6 8.c4 g6
9.Nc3 Bg7 10.Rd1 O-O 11.Nf3 Nc6 12.h3 Nd7 13.Be3 Bxc3 14.bxc3 f6 15.Qd2 Nd8
16.Nd4 b6 17.f4 e5 18.Nc2 Bb7 19.c5 exf4 20.Bxf4 Qxc5+ 21.Be3 Qc7 22.Nb4 Nf7
23.Rac1 Nc5 24.Bc4 Kg7 25.Nd5 Bxd5 26.Bxd5 Rae8 27.Rf1 Re7 28.Rce1 Rfe8 29.Qf2 Nd7
30.Qh4 Qxc3 31.Qf2 Qc7 32.Rc1 Qb8 33.Rc6 Nfe5 34.Rxb6 Qc7 35.Rb7 Qd8 36.Bb6 Nxb6
37.Qxf6+ Kh6 38.Qh4+ Kg7 39.Qf6+ Kh6 40.Rf4 Nf3+ 41.gxf3 Rxe4 42.fxe4 Qxf6
43.Rxf6 Na4 44.Rxd6 Nc5 45.Rc7 Na4 46.Rxa6 Nb2 47.Rb6 Nd3 48.a4 Kg5 49.a5 Kf4
50.a6 Re5 51.Rf7+ Ke3 52.Rb3  1-0

[Event "2nd Nabokov Mem"]
[Site "Kiev UKR"]
[Date "2004.04.16"]
[Round "6"]
[White "Zakharchenko,A"]
[Black "Chokhonelidze,G"]
[Result "0-1"]
[WhiteElo "2362"]
[BlackElo "2339"]

1.e4 c5 2.Nf3 e6 3.d4 cxd4 4.Nxd4 a6 5.Bd3 Qc7 6.O-O Nc6 7.Be3 Nf6 8.Nxc6 dxc6
9.f4 e5 10.Nc3 Ng4 11.Qe2 Nxe3 12.Qxe3 exf4 13.Rxf4 Qe5 14.Kh1 Bd6 15.g3 g5
16.Rf3 h5 17.Raf1 h4 18.Rf5 Bxf5 19.Rxf5 Qe7 20.e5 Bc5 21.Qf3 hxg3 22.Qxg3 O-O-O
23.Ne4 Rh4 24.Nxg5 Rdh8 25.Nf3 R4h6 26.Qf4 Qd8 27.Rxf7 Qd5 28.Qg4+ Kb8  0-1

[Event "TCh-RUS w"]
[Site "Sochi RUS"]
[Date "2004.04.21"]
[Round "2"]
[White "Vasilevich,I"]
[Black "Slavina,I"]
[Result "1/2-1/2"]
[WhiteElo "2325"]
[BlackElo "2395"]

1.e4 c5 2.Nf3 e6 3.d4 cxd4 4.Nxd4 a6 5.Bd3 Qb6 6.Nb3 Qc7 7.O-O Nf6 8.Nc3 b5
9.f4 b4 10.Nb1 Bb7 11.Qe2 Be7 12.c3 O-O 13.e5 Nd5 14.c4 Nb6 15.Be3 a5 16.N1d2 Na4
17.Ne4 Bxe4 18.Bxe4 Nc6 19.c5 f5 20.Bf3 g5 21.Qc2 gxf4 22.Bxf4 Nxc5 23.Qf2 Nd3
24.Qg3+ Kh8 25.Bxc6 Nxf4 26.Bf3 Qc4 27.Kh1 Nd5 28.Rac1 Qb5 29.Nd4 Qb7 30.Rfd1 f4
31.Qf2 a4 32.Be4 Rac8 33.Qf3 Rxc1 34.Rxc1 Rf7 35.Qh5 Kg8 36.Nf3 Qb8 37.Bxd5 exd5
38.Qg4+ Rg7 39.Qxd7 Bf8 40.Qxd5+ Kh8 41.h4 Qe8 42.e6 Qg6 43.Ng5 h6 44.Rc8 hxg5
45.Rxf8+ Kh7 46.hxg5 Rc7 47.Qf3 Kg7 48.Qxf4 Qh7+ 49.Kg1 Qb1+ 50.Kh2 Qh7+
51.Kg3 Qd3+ 52.Qf3 Qd6+ 53.Rf4 a3 54.Kh4 axb2 55.Rf7+ Rxf7 56.Qxf7+ Kh8 57.Qf6+ Kh7
58.Qxb2 Qxe6 59.Qc2+ Kg7 60.Qc7+ Kg6  1/2-1/2

[Event "7th St Quentin Open"]
[Site "Elancourt FRA"]
[Date "2004.04.23"]
[Round "7"]
[White "Plantet,M"]
[Black "Bogdanov,E"]
[Result "0-1"]
[WhiteElo "2077"]
[BlackElo "2217"]

1.e4 c5 2.Nf3 e6 3.d4 cxd4 4.Nxd4 a6 5.Bd3 Bc5 6.c3 d6 7.O-O Nf6 8.Be3 O-O
9.Nd2 Qc7 10.Qe2 Nc6 11.f4 Ne7 12.Kh1 e5 13.fxe5 dxe5 14.Nc2 Ng6 15.Bg5 Bg4
16.Qe1 Nh5 17.Ne3 Be6 18.Nd5 Bxd5 19.exd5 Nhf4 20.Bc2 Nxd5 21.Nf3 Rae8 22.Qe4 Ndf4
23.Rae1 Qc6 24.Nxe5 Qxe4 25.Rxe4 Nxe5 26.Bxf4 Ng4 27.h3 Nf2+ 28.Rxf2 Bxf2
29.Bd6 Rxe4 30.Bxe4 Rd8 31.Bf4 b6 32.g3 a5 33.Kg2 Bc5 34.Bc2 g6 35.Bh6 Bf8
36.Bf4 Kg7 37.Kf3 f6 38.h4 Bd6 39.Be3 Bc5 40.Bf4 Kf7 41.Bb3+ Ke7 42.Bc2 b5
43.a3 Bd6 44.Be3 Be5 45.a4 Rb8 46.Ba7 Ra8 47.Bc5+ Bd6 48.Be4 Re8 49.Bxd6+ Kxd6
50.axb5 Kc5 51.Bd3 Re5 52.Be2 a4 53.Bd3 Re8 54.h5 gxh5 55.Bxh7 Re1 56.Bg8 Rb1
57.Bf7 Rxb2 58.Bxh5 a3 59.Bf7 a2 60.Bxa2 Rxa2  0-1

[Event "4th Gold Cup"]
[Site "Szombathely HUN"]
[Date "2004.04.26"]
[Round "8"]
[White "Vajda,S"]
[Black "Muzychuk,A"]
[Result "1/2-1/2"]
[WhiteElo "2362"]
[BlackElo "2387"]

1.e4 c5 2.Nf3 e6 3.d4 cxd4 4.Nxd4 a6 5.Bd3 Bc5 6.Nb3 Ba7 7.Qe2 d6 8.Be3 Nc6
9.O-O Nge7 10.f4 Ng6 11.N1d2 Nb4 12.Bxa7 Rxa7 13.Qe3 b6 14.Nc4 Nxd3 15.cxd3 Rb7
16.Qd4 d5 17.exd5 O-O 18.dxe6 Bxe6 19.Qxd8 Rxd8 20.f5 Bxc4 21.dxc4 Ne5 22.Rfd1 Rc8
23.Rac1 h5 24.Rd4 b5 25.cxb5 Rxc1+ 26.Nxc1 Rxb5 27.Nb3 Nc6 28.Rd6 Na5 29.Nxa5 Rxa5
30.a3 Rb5 31.Rxa6 Rxb2 32.f6 Ra2 33.fxg7 Kxg7 34.h4 f6 35.Kh2 Kg6 36.Kg3 Rc2
37.Ra4 Rc3+ 38.Kf4 Rc2 39.g4 hxg4 40.Kxg4 Rg2+ 41.Kh3 Rc2 42.Kg3 Ra2 43.Ra5 Ra1
44.h5+ Kh6 45.Kf4 Rh1 46.a4 Rh4+ 47.Ke3 Rb4 48.Kd3 Rf4 49.Kd2 Rc4 50.Ke2 Rb4
51.Kf3 Rc4 52.Ke3 Rb4  1/2-1/2

[Event "ch-UKR Women"]
[Site "ALushta UKR"]
[Date "2004.05.05"]
[Round "2"]
[White "Breslavska,G"]
[Black "Kalinina,O"]
[Result "1/2-1/2"]
[WhiteElo "2132"]
[BlackElo "1983"]

1.e4 c5 2.Nf3 e6 3.d4 cxd4 4.Nxd4 a6 5.Bd3 Bc5 6.Nb3 Be7 7.Nc3 Qc7 8.Qe2 d6
9.a4 b6 10.f4 Nd7 11.Bd2 Ngf6 12.g4 Nc5 13.Nxc5 bxc5 14.g5 Nd7 15.a5 Bb7
16.h4 d5 17.b3 Nb8 18.exd5 exd5 19.O-O-O c4 20.bxc4 Qxa5 21.Nb1 Qa2 22.Bb4 Nc6
23.Bxe7 Nxe7 24.Rhe1 O-O 25.Bxh7+ Kxh7 26.Qh5+ Kg8 27.Rxe7 g6 28.Qf3 Bc6
29.Qb3 Qa5 30.Qa3 Qxa3+ 31.Nxa3 dxc4 32.Nxc4 a5 33.Rd6 Bb5 34.Na3 Bf1 35.Rdd7 Bh3
36.Ra7 Be6 37.Rec7 Rfd8 38.Rxa8 Rxa8 39.Kd2 a4 40.Kc3 Ra5 41.Rb7 Bd5 42.Rb5 Rxb5
43.Nxb5 Bc6 44.Nd4 Be8 45.Kb4 Kf8 46.c4 Ke7 47.c5 f6 48.Ka3 fxg5 49.fxg5 Kd8
50.c6 Kc7 51.Kxa4 Kd6 52.Kb4 Ke5 53.c7 Bd7 54.Nc6+ Kd6 55.Nd4 Kxc7 56.Kc5 Bg4
57.Kd5 Kd7 58.Ke5 Ke7 59.Nc6+ Kf7 60.Kd6 Bf5 61.Ne5+ Ke8 62.Nc6 Bh3 63.Nd4 Kf7
64.Ke5 Bd7 65.Ne2 Bh3 66.Nf4 Bg4 67.Kd6 Bf5 68.Ne2 Bg4  1/2-1/2

[Event "7th United Insurance"]
[Site "Dhaka BAN"]
[Date "2004.05.07"]
[Round "1"]
[White "Singh,G"]
[Black "Hossain,Mon"]
[Result "0-1"]
[WhiteElo "2352"]
[BlackElo "2186"]

1.e4 c5 2.Nf3 e6 3.d4 cxd4 4.Nxd4 a6 5.Bd3 Nf6 6.O-O Qc7 7.Qe2 d6 8.c4 Nbd7
9.b3 b6 10.Bb2 Bb7 11.Nc3 Be7 12.Rae1 Ne5 13.Bb1 g5 14.Kh1 Rg8 15.f3 h5 16.f4 gxf4
17.Rxf4 O-O-O 18.Ref1 Rg6 19.Nf3 Rdg8 20.Nxe5 dxe5 21.R4f2 h4 22.h3 Rh8 23.Kh2 Nh5
24.Rxf7 Ng3 25.Qf3 Nxf1+ 26.Qxf1 Rhg8 27.Rf2 Bc5 28.Re2 Qg7 29.Nd1 Rf8 30.Qe1 Rg3
31.Bc1 Rg8 32.Qf1 Rxh3+ 33.gxh3 Qg3+ 34.Kh1 Qg1+ 35.Qxg1 Rxg1+  0-1

[Event "7th United Insurance"]
[Site "Dhaka BAN"]
[Date "2004.05.08"]
[Round "2"]
[White "Uddin,S"]
[Black "Mohammad,J"]
[Result "1-0"]
[WhiteElo "2254"]
[BlackElo "2149"]

1.e4 c5 2.Nf3 e6 3.d4 cxd4 4.Nxd4 a6 5.Bd3 d6 6.c4 Nf6 7.Nc3 Nc6 8.Nxc6 bxc6
9.O-O Be7 10.b3 O-O 11.Bb2 Bb7 12.f4 Qc7 13.Rc1 Rfd8 14.Kh1 c5 15.Qe2 d5
16.cxd5 exd5 17.e5 Nd7 18.Rf3 g6 19.e6 Nf6 20.f5 Rd6 21.Na4 d4 22.exf7+ Kxf7
23.fxg6+ hxg6 24.Rg3 Rg8 25.Rxc5 Qd7 26.Bc4+ Kg7 27.Re5 Re8 28.Nc5 Qc7 29.Ne6+ Rxe6
30.Rxe6 Bc8 31.Qd3  1-0